000 01294cam a22001934a 4500
005 20250605164209.0
008 250528s ||||||||||||||||||||||||d
035 _a20179
020 _a9603190101
040 _aGR-AtMCL
_bgre
_dGR-AtMCL
_eAACR2
245 1 _aΤεχνικοοικονομικά / Κοστολόγηση και Χρηματοδότηση Τεχνικών Κατασκευών, Σύνταξη και Παρουσίαση Τεχνικών Κειμένων, Τυποποίηση και Σύνταξη Τεχνικών Προδιαγραφών.
260 _bΜακεδονικές Εκδόσεις,
_c1992
300 _a344
520 _aΒασικές Τεχνικοοικονομικές Έννοιες, Κοστολόγηση Τεχνικών Κατασκευών, Χρηματοδότηση, Έλεγχος Αποθεμάτων, Τεχνικά Κείμενα, Σύνταξη Τεχνικού Κειμένου, Τεχνικές Σύνταξης Τεχνικών Κειμένων, Είδη Τεχνικών Κειμένων, Τυποποίηση - Προδιαγραφές, Τυποποίηση, Μέτρηση, Τεχνικές Προδιαγραφές, Βιβλιογραφία.
700 1 _aΜιχάλης Π.Γ
_96228
942 _cBK
999 _c5316
_d5316